Łatwy quiz wiedzy ogólnej #5 - Statystyki

Ogólne statystyki
  • Ten quiz został rozwiązany 4 279 razy
  • Średni wynik to 14 z 20
Statystyki odpowiedzi
Pytanie Odpowiedź % Poprawnych
W jakim mieście znajduje się Wieża Eiffla? Paryż
100%
Jaka jest najdłuższa rzeka w Afryce? Nil
96%
Która bajkowa postać nosiła szklany pantofelek? Kopciuszek
93%
Jeśli cierpisz na arachnofobię, czego się boisz? Pająków (i innych pajęczaków)
93%
Rozszyfruj te litery, aby utworzyć nazwę zwierzęcia: DARPGE Gepard
91%
Jaka jest największa pustynia w Afryce? Sahara
91%
Który kontynent ma najniższą populację? Antarktyda
85%
Z jakiego kraju pochodzi Justin Bieber? Kanada
82%
Jaki sport uprawiał Kobe Bryant? Koszykówka
82%
Która planeta w Układzie Słonecznym znajduje się najdalej od Słońca?(Uwaga: Pluton nie jest już planetą) Neptun
82%
Który film Stevena Spielberga z 1975 roku opowiadał o rekinie ludojadzie? Szczęki
81%
Jaki jest jedyny stan USA, którego nazwa zaczyna się na literę P? Pensylwania
78%
Jeśli 2 osoby to duet, a 3 to tercet, to 4 osoby tworzą? Kwartet
75%
Samica owcy to maciorka. Jak nazywa się samiec owcy? Baran
67%
Kto założył miasto Aleksandria w Egipcie? Aleksander Macedoński
65%
Jakie jest największe miasto w Illinois? Chicago
42%
Kto tradycyjnie nosi coś starego, coś nowego, coś pożyczonego,i coś niebieskiego? Panna młoda
40%
Jaki jest największy instrument dęty w orkiestrze? Tuba
40%
Jaki kraj próbowała zaatakować hiszpańska Armada? Anglia
24%
Jak nazywali się wynalazcy Orville i Wilbur? Wright
24%
Nie znaleziono quizów pasujących do podanych kryteriów
Rozkład punktacji
Procent ludzi z każdym wynikiem
Percentyl według liczby udzielonych odpowiedzi
Twoja historia wyników
Nie rozwiązałeś tego quizu